Statistics for WWE One Minute Quiz: Daniel Bryan

Click here to take the quiz!

General Stats

  • This quiz has been taken 1,247 times
  • The average score is 4 of 5

Answer Stats

Question Answer % Correct
Who is Daniel Bryan Currently Married To? (October 2014)Brianna Garcia
97%
What Year Did He Win The Money in The Bank Contract?2011
85%
Who is Daniel's Brother-in-Law?John Cena
84%
How Old is Daniel Bryan? (October 2014)Thirty-Three
59%
What Championship Did He Win at Wrestlmania XXX?The WWE World Heavyweight Championship
43%

Score Distribution

Percentile by Number Answered

Percent of People with Each Score

Your Score History

You have not taken this quiz